Loading...
അറിയപ്പെടാത്ത ആദിശങ്കരൻ
| Main Author: | |
|---|---|
| Format: | Printed Book |
| Published: |
Kozhikode
Mathrubhumi Books
2013
|
| Edition: | 4 |
| Subjects: |
| LEADER | 00631nam a22002057a 4500 | ||
|---|---|---|---|
| 003 | OSt | ||
| 020 | |a 9788182656369 | ||
| 082 | |a 181.4 |b PAN/AR | ||
| 100 | |a Panoli, V | ||
| 245 | |a അറിയപ്പെടാത്ത ആദിശങ്കരൻ | ||
| 250 | |a 4 | ||
| 260 | |a Kozhikode |b Mathrubhumi Books |c 2013 | ||
| 300 | |a 263p. | ||
| 500 | |a Ariyappedatha adi sankaran | ||
| 534 | |n 2001 | ||
| 546 | |a Malayalam | ||
| 650 | |a Philosophy | ||
| 942 | |2 ddc |c BK | ||
| 999 | |c 157091 |d 157091 | ||
| 952 | |0 0 |1 0 |2 ddc |4 0 |6 181_400000000000000_PANAR |7 0 |8 Gen |9 156450 |a KAUCLV |b KAUCLV |c GENERAL |d 2017-07-26 |g 170.00 |o 181.4 PAN/AR |p 225483 |r 2017-07-26 |y BK | ||